000 00720nam a2200253Ia 4500
003 OSt
005 20220925215207.0
006 a|||||r|||| 00| 0
007 ta
008 220923b |||||||| |||| 00| 0 eng d
037 _cGeneral Book
040 _aRTL
_cRTL
_beng
041 _2eng
_aeng
082 _aXM8:51, L5
100 _aFarmer David H Ed.
_9282378
245 0 _aCorporate planning and procurement
260 _aLondon
_bHeinemann
_c1975
300 _axvi, 272p
_ccm.
500 _aBibliography p 265
650 _aMultinational
700 _a Taylor Bernard Ed.
_9125227
942 _hXM8:51, L5
_cGB
_2CC
999 _c568185
_d568185